Творчество. I (Запись № 13488925)
[ простой вид ]
| 000 -МАРКЕР | |
|---|---|
| контрольное поле | 01445nam2a22003251 4500 |
| 001 - ИДЕНТИФИКАТОР ЗАПИСИ | |
| контрольное поле | RU\NLR\A1SV\120087 |
| 005 - ИДЕНТИФИКАТОР ВЕРСИИ | |
| контрольное поле | 20251203152403.2 |
| 035 ## - ДРУГИЕ СИСТЕМНЫЕ НОМЕРА | |
| Идентификатор записи | (NLR Aleph) 010440766 |
| 100 ## - ДАННЫЕ ОБЩЕЙ ОБРАБОТКИ | |
| Данные общей обработки | 20130711d1923 u y0rusy50 ca |
| 101 0# - ЯЗЫК РЕСУРСА | |
| Язык текста, звукозаписи и т.д. | русский |
| 200 0# - ЗАГЛАВИЕ И СВЕДЕНИЯ ОБ ОТВЕТСТВЕННОСТИ | |
| Основное заглавие | I |
| Первые сведения об ответственности | Сб. ст.: М.А.Блох, В.Я.Курбатова, Ф.Ю.Левинсон-Лессинга, С.Ф.Ольденбурга, В.Л.Омелянского, В.Савича, А.Е.Ферсмана |
| 215 ## - ФИЗИЧЕСКАЯ ХАРАКТЕРИСТИКА | |
| Специфическое обозначение материала и объем | 218 с. |
| 320 ## - ПРИМЕЧАНИЯ О НАЛИЧИИ В ДОКУМЕНТЕ БИБЛИОГРАФИИ / УКАЗАТЕЛЯ | |
| Текст примечания | Библиогр.: С.152-155 |
| 461 #1 - УРОВЕНЬ НАБОРА | |
| Встроенное поле | 001RU\NLR\A1SV\120085 |
| -- | 2000#$vI |
| Системный номер (АБИС) связанной записи | 9889582 |
| Место публикации | Пг. |
| Дата публикации | 1923 |
| Имя издателя, распространителя и т.д. | Науч. хим.-техн. изд-во Науч.-техн. отд. ВСНХ |
| Сведения, относящиеся к заглавию | [Сб. ст. о худож., науч. и техн. творчестве] |
| Заглавие | Творчество |
| Номер тома | I |
| 702 #1 - ИМЯ ЛИЦА - ВТОРИЧНАЯ ОТВЕТСТВЕННОСТЬ | |
| Начальный элемент ввода | Блох |
| Часть имени, кроме начального элемента ввода | М. А. |
| 702 #1 - ИМЯ ЛИЦА - ВТОРИЧНАЯ ОТВЕТСТВЕННОСТЬ | |
| Начальный элемент ввода | Курбатов |
| Часть имени, кроме начального элемента ввода | В. Я. |
| 702 #1 - ИМЯ ЛИЦА - ВТОРИЧНАЯ ОТВЕТСТВЕННОСТЬ | |
| Начальный элемент ввода | Левинсон-Лессинг |
| Часть имени, кроме начального элемента ввода | Ф. Ю. |
| Даты | 1861-1939 |
| Расширение инициалов личного имени | Франц Юльевич |
| 702 #1 - ИМЯ ЛИЦА - ВТОРИЧНАЯ ОТВЕТСТВЕННОСТЬ | |
| Код отношения | Автор |
| Графика поля | Кириллица |
| Материалы, к которым относится поле | rus |
| Начальный элемент ввода | Ольденбург |
| Часть имени, кроме начального элемента ввода | С. Ф. |
| Даты | 1863-1934 |
| Расширение инициалов личного имени | Сергей Федорович |
| Системный номер авторитетной/нормативной записи | 56007 |
| Идентификатор авторитетной/нормативной записи | RU\NLR\AUTH\7773079 |
| 702 #1 - ИМЯ ЛИЦА - ВТОРИЧНАЯ ОТВЕТСТВЕННОСТЬ | |
| Начальный элемент ввода | Омелянский |
| Часть имени, кроме начального элемента ввода | В. Л. |
| Даты | 1867-1928 |
| Расширение инициалов личного имени | Василий Леонидович |
| 702 #1 - ИМЯ ЛИЦА - ВТОРИЧНАЯ ОТВЕТСТВЕННОСТЬ | |
| Начальный элемент ввода | Савич |
| Часть имени, кроме начального элемента ввода | В. |
| 702 #1 - ИМЯ ЛИЦА - ВТОРИЧНАЯ ОТВЕТСТВЕННОСТЬ | |
| Начальный элемент ввода | Ферсман |
| Часть имени, кроме начального элемента ввода | А. Е. |
| 801 #0 - ИСТОЧНИК ЗАПИСИ | |
| Страна | Российская Федерация |
| Организация | NLR |
| Дата составления | 20130711 |
| 852 ## - МЕСТОНАХОЖДЕНИЕ И ШИФР ХРАНЕНИЯ | |
| Идентификатор организации | NLR |
| Шифр хранения (Call Number) | 2/243 |
| 852 ## - МЕСТОНАХОЖДЕНИЕ И ШИФР ХРАНЕНИЯ | |
| Идентификатор организации | NLR |
| Шифр хранения (Call Number) | 2/243а |
| 852 ## - МЕСТОНАХОЖДЕНИЕ И ШИФР ХРАНЕНИЯ | |
| Идентификатор организации | NLR |
| Шифр хранения (Call Number) | Мф К1/88751 |
| 942 ## - ДОПОЛНИТЕЛЬНЫЕ ЭЛЕМЕНТЫ ЗАПИСИ (АБИС) | |
| Тип экземпляра АБИС | Книга |
| 980 ## - КОЛЛЕКЦИЯ | |
| Название коллекции | Международный сводный каталог русской книги (1918-1926) |
| 980 ## - КОЛЛЕКЦИЯ | |
| Название коллекции | Национальная библиография |
Нет доступных экземпляров.